000 00468nam a22001697a 4500
999 _c20427
_d20427
005 20190228094614.0
008 190228b xxu||||| |||| 00| 0 spa d
040 _aCO-BoIAVH
_cCO-BoIAVH
041 _aspa
044 _ake
090 _aFG
_b0325
110 _aPNUMA
245 _aDIRECTRICES TÉCNICAS INTERNACIONALES DEL PNUMA SOBRE SEGURIDAD DE LA BIOTECNOLOGÍA
260 _aKENIA:
_bPNUMA ,
_cS.F.
300 _aFOLLETO
_c20-25cm
942 _2z
_cFolleto